| 000 | 00804 aa a2200205 4500 | ||
|---|---|---|---|
| 008 | 081020t xxu||||| |||| 00| 0 eng d | ||
| 010 | _aENG-84085 | ||
| 020 | _a8176298573 | ||
| 020 | _c600.00 (hb) | ||
| 035 | _aEN-67618 | ||
| 082 | _a379.54 | ||
| 100 | _aSudhakar Rao, S | ||
| 245 |
_aMultiple meida schooling: _bproblems and management, with special reference to Andamana nd Nicobar Islands / _cby S Sudhakar Rao |
||
| 260 |
_aNew Delhi _bDeep and Deep Publications |
||
| 260 | _c2006 | ||
| 300 |
_axxix,261p _bphotos _c22cm |
||
| 500 | _aIncludes bibliographical references and index | ||
| 942 |
_2ddc _cEN _h379.54 _mSUD |
||
| 999 |
_c17052 _d17052 |
||